| Поле | Название | Значение |
| |
Тип записи |
a |
| |
Библиографический уровень |
m |
| 001 |
Контрольный номер |
RU\infra-m\znanium\bibl\2236401 |
| 005 |
Дата корректировки |
20260429142131.8 |
| 008 |
Кодируемые данные |
260421s2025 RU g rus u |
| 020 |
Индекс ISBN |
__ |
| a |
ISBN |
978-5-206-00177-8 |
| 040 |
Источник каталогиз. |
__ |
| a |
Служба первич. каталог. |
Общество с ограниченной ответственностью «ЗНАНИУМ» |
| 041 |
Код языка издания |
__ |
| a |
Код языка текста |
rus |
| 044 |
Код страны публикации |
__ |
| a |
Код страны публикации |
RU |
| 080 |
Индекс УДК |
__ |
| a |
Индекс УДК |
658 |
| 084 |
Индекс другой классификации/Индекс ББК |
__ |
| 2 |
Источник индекса |
rubbk |
| a |
Индекс другой классификации/Индекс ББК |
6530 |
| 084 |
Индекс другой классификации/Индекс ББК |
__ |
| 2 |
Источник индекса |
okso |
| a |
Индекс другой классификации/Индекс ББК |
35.03.04 |
| 084 |
Индекс другой классификации/Индекс ББК |
__ |
| 2 |
Источник индекса |
okso |
| a |
Индекс другой классификации/Индекс ББК |
38.03.01 |
| 100 |
Автор |
__ |
| a |
Автор |
Молодых А. |
| q |
Полное имя |
Молодых Андрей |
| 245 |
Заглавие |
__ |
| a |
Заглавие |
Хвостономика. Успешный бизнес, основанный на любви, или Как компания «Валта» учит Россию заботиться о домашних питомцах |
| b |
Продолж. заглавия |
Научно-популярная литература |
| 250 |
Сведения об издании |
__ |
| a |
Основные сведения об издании |
1 |
| 260 |
Выходные данные |
__ |
| a |
Место издания |
Москва |
| b |
Издательство |
Альпина ПРО |
| c |
Дата издания |
2026 |
| 300 |
Физическое описание |
__ |
| a |
Объем |
256 с. |
| 520 |
Аннотация |
__ |
| a |
Аннотация |
«Хвостономика» — это не только увлекательный рассказ как физики-ядерщики выпускники МИФИ создали компанию «Валта» крупнейшего поставщика товаров для домашних животных и лидера российской зооиндустрии. Это размышления о том что никакой механики у успеха нет и быть не может. В основе любого дела лежит система ценностей. И еще вы узнаетечто бизнес — это не совсем про деньги а скорее про заботу о своем культурном дубе за которым ухаживает не один человек а целое сообщество. |
| 521 |
Примеч. о цел. назн. |
__ |
| a |
Примеч. о целев. назн. |
Дополнительное образование |
| 650 |
Тематические рубрики |
__ |
| a |
Основная рубрика |
Экономика. Бухгалтерский учет. Финансы |
| x |
Основная подрубрика |
Экономика предприятия (фирмы) |
| 655 |
Указ. предметных рубрик (устаревшее) |
__ |
| a |
Жанр/ форма (устаревшее) |
Научно-популярная литература |
| 700 |
Другие авторы |
__ |
| a |
Другие авторы |
Корк Б. |
| q |
Полное имя |
Корк Бертольд |
| 700 |
Другие авторы |
__ |
| a |
Другие авторы |
Корк А. |
| q |
Полное имя |
Корк Алена |
| 700 |
Другие авторы |
__ |
| a |
Другие авторы |
Гурьянов Н. |
| q |
Полное имя |
Гурьянов Николай |
| 856 |
Электронный адрес документа |
4_ |
| a |
Имя сервера/домена |
znanium.ru |
| m |
Помощь |
ebs_support@infra-m.ru |
| n |
Местонахождение сервера |
НИЦ ИНФРА-М |
| u |
URL |
https://znanium.ru/catalog/document?id=474291 |
| 856 |
Электронный адрес документа |
48 |
| a |
Имя сервера/домена |
znanium.ru |
| d |
Путь |
/cover/2236 |
| f |
Электронное имя |
2236401.jpg |
| q |
Тип электронного формата |
image/jpeg |
| u |
URL |
https://znanium.ru/cover/2236/2236401.jpg |
| 911 |
|
__ |
| u |
|
0030=https://znanium.ru/catalog/document?id=474291 |